Score 0/11 Timer 07:00
0 Plays Today
Seasons Judge % Correct
1-9Simon Cowell
100%
1-8Paula Abdul
96.3%
1-12Randy Jackson
94.4%
10-11, 13Jennifer Lopez
94.4%
9Ellen DeGeneres
88.9%
12-13Keith Urban
87%
12Nicki Minaj
85.2%
10-11Steven Tyler
81.5%
12Mariah Carey
77.8%
8-9Kara DioGuardi
72.2%
13Harry Connick Jr.
66.7%

You're not logged in!

Compare scores with friends on all Sporcle quizzes.
OR
Log In

Sporcle TV

Today on Sporcle TV


Watch our educational content, quiz creation guides, and fun videos on Sporcle TV.

Show Comments

Extras

Created Oct 27, 2013SourceReportNominate
Tags:America, idol, judge, season

Top Quizzes Today


Score Distribution

Paid Content

Your Account Isn't Verified!

In order to create a playlist on Sporcle, you need to verify the email address you used during registration. Go to your Sporcle Settings to finish the process.

Report this User

Report this user for behavior that violates our Community Guidelines.

Details: